[Event "NED-ch U13 Girls"]
[Site "Rijswijk"]
[Date "2007.05.19"]
[Round "8"]
[White "Meng, Olivia"]
[Black "Li, Lina"]
[Result "1/2-1/2"]
[WhiteElo "1192"]
[BlackElo "1223"]
[PlyCount "56"]
[EventDate "2007.05.17"]
[EventType "swiss"]
[EventRounds "9"]
[EventCountry "NED"]
[SourceTitle "EXT 2009"]
[Source "ChessBase"]
[SourceDate "2008.11.26"]
[SourceVersion "1"]
[SourceVersionDate "2008.11.26"]
[SourceQuality "1"]

1. e4 e6 2. d4 d5 3. e5 c5 4. c3 Nc6 5. Nf3 Qb6 6. Be3 f6 7. exf6 Nxf6 8. Be2 Bd6 9. 0-0 0-0 10. Nbd2 e5 11. dxe5 Nxe5 12. Nxe5 Bxe5 13. Nf3 Bd6 14. Bg5 Qc6 15. Bxf6 Rxf6 16. Re1 Bd7 17. Qc2 Qc7 18. Qd3 Be6 19. h3 c4 20. Qc2 Bf5 21. Qd2 Rd8 22. Kh1 Bf4 23. Qd4 b6 24. Nh4 Be5 25. Qe3 Bf4 26. Qd4 Be5 27. Qe3 d4 28. Bxc4+ Qxc4 1/2-1/2

[Event "NED-ch U13 Girls"]
[Site "Rijswijk"]
[Date "2007.05.17"]
[Round "2"]
[White "Li, Lina"]
[Black "Fluit, Sylvia"]
[Result "1-0"]
[WhiteElo "1223"]
[BlackElo "1058"]
[PlyCount "129"]
[EventDate "2007.05.17"]
[EventType "swiss"]
[EventRounds "9"]
[EventCountry "NED"]
[SourceTitle "EXT 2009"]
[Source "ChessBase"]
[SourceDate "2008.11.26"]
[SourceVersion "1"]
[SourceVersionDate "2008.11.26"]
[SourceQuality "1"]

1. e4 e5 2. Nf3 Nc6 3. Bc4 Nf6 4. Nc3 Nxe4 5. Nxe4 d5 6. Bd3 dxe4 7. Bxe4 Bc5 8. d3 Bg4 9. 0-0 h6 10. h3 h5 11. hxg4 hxg4 12. Bxc6+ bxc6 13. Ng5 Qf6 14. Qxg4 Qh6 15. Nh3 Qh7 16. Be3 Be7 17. d4 Bd6 18. Rae1 f5 19. Qf3 e4 20. Bf4 0-0-0 21. Qg3 Rdg8 22. Bxd6 cxd6 23. f3 d5 24. fxe4 dxe4 25. Rf4 g5 26. Nxg5 Qg6 27. Ref1 Qxg5 28. Qxg5 Rxg5 29. Rxf5 Rg3 30. Rf8+ Rxf8 31. Rxf8+ Kd7 32. Rf2 e3 33. Re2 Kd6 34. Kh2 Rg4 35. Rxe3 Rxd4 36. Rd3 c5 37. Ra3 Ke5 38. Rxa7 Rd2 39. Re7+ Kf6 40. Ra7 Rxc2 41. b3 Ke5 42. Ra5 Rd2 43. Kh3 Kd6 44. g4 Ke6 45. Kh4 Kf6 46. Ra6+ Kg7 47. Kh5 Rd5+ 48. g5 Rd3 49. g6 Rd7 50. Rc6 Rd5+ 51. Kg4 Rd7 52. Kf4 Rd2 53. a4 Rb2 54. Rb6 Rf2+ 55. Ke3 Rg2 56. Kd3 Rg3+ 57. Kc4 Rg5 58. a5 Rf5 59. a6 Rf8 60. a7 Ra8 61. Ra6 Kf8 62. Kxc5 Kg7 63. b4 Kf8 64. b5 Kg7 65. b6 1-0

[Event "NED-ch U13 Girls"]
[Site "Rijswijk"]
[Date "2006.05.26"]
[Round "4"]
[White "Li, Lina"]
[Black "Ter Schegget, Sanne"]
[Result "0-1"]
[WhiteElo "1023"]
[BlackElo "1113"]
[PlyCount "132"]
[EventDate "2006.05.25"]
[EventType "swiss"]
[EventRounds "9"]
[EventCountry "NED"]
[SourceTitle "EXT 2009"]
[Source "ChessBase"]
[SourceDate "2008.11.26"]
[SourceVersion "1"]
[SourceVersionDate "2008.11.26"]
[SourceQuality "1"]

1. e4 e5 2. Nf3 Nc6 3. Nc3 Bc5 4. Bc4 d6 5. d3 Be6 6. Bxe6 fxe6 7. 0-0 Qd7 8. a3 0-0-0 9. Na4 Bb6 10. Nxb6+ axb6 11. Re1 Nf6 12. Bd2 h6 13. b4 g5 14. h3 Rdg8 15. Nh2 h5 16. b5 Nd4 17. c3 Nxb5 18. Qa4 Qc6 19. c4 Nd4 20. Qxc6 bxc6 21. Re3 Nc2 22. Rf3 Nxa1 23. Rxf6 Re8 24. Bxg5 d5 25. exd5 exd5 26. Rxc6 dxc4 27. Rxc4 Nb3 28. Nf3 Rhg8 29. Bf6 Nc5 30. Bxe5 Rgf8 31. d4 Na6 32. Bg3 Re4 33. Rc1 h4 34. Bxh4 Rxf3 35. gxf3 Rxh4 36. Kg2 Kd7 37. d5 Rd4 38. Kf1 Rxd5 39. Ke2 Rh5 40. Rh1 Ke6 41. Ke3 Ke5 42. f4+ Kf5 43. Kf3 Rh4 44. Kg3 Rxf4 45. h4 Rg4+ 46. Kf3 Rg7 47. h5 Nc5 48. h6 Rh7 49. Rh5+ Kg6 50. Rh1 Rxh6 51. Rxh6+ Kxh6 52. Ke3 Kg5 53. f4+ Kf5 54. Kd4 Kxf4 55. Kd5 Na6 56. Kc6 Ke5 57. Kb7 c5 58. Kxb6 c4 59. Kxa6 c3 60. a4 c2 61. a5 c1Q 62. Kb7 Qh1+ 63. Kb6 Qa8 64. a6 Kd6 65. a7 Qc6+ 66. Ka5 Qb7 0-1

[Event "NED-ch U13 Girls"]
[Site "Rijswijk"]
[Date "2006.05.25"]
[Round "1"]
[White "Van der Gouw, Sharitha"]
[Black "Li, Lina"]
[Result "0-1"]
[WhiteElo "1274"]
[BlackElo "1023"]
[PlyCount "88"]
[EventDate "2006.05.25"]
[EventType "swiss"]
[EventRounds "9"]
[EventCountry "NED"]
[SourceTitle "EXT 2009"]
[Source "ChessBase"]
[SourceDate "2008.11.26"]
[SourceVersion "1"]
[SourceVersionDate "2008.11.26"]
[SourceQuality "1"]

1. e4 e5 2. Nf3 Nc6 3. Nc3 Bc5 4. Bb5 Nf6 5. Nd5 Nxd5 6. exd5 Ne7 7. Nxe5 Nxd5 8. Qe2 0-0 9. 0-0 Re8 10. Qh5 Rf8 11. Re1 Qf6 12. Ng4 Qb6 13. Bd3 h6 14. Qe5 d6 15. Qe4 g6 16. Re2 Bxg4 17. Qxg4 Rfe8 18. g3 Rxe2 19. Qxe2 Qc6 20. Be4 Re8 21. Bxd5 Rxe2 22. Bxc6 bxc6 23. d4 Bxd4 24. Bxh6 Rxf2 25. Kh1 Bxb2 26. Be3 Re2 27. Rb1 Rxc2 28. Bxa7 Be5 29. a3 d5 30. Re1 Bd6 31. Bd4 Bxa3 32. Re8+ Bf8 33. Be5 Re2 34. Kg1 f6 35. Kf1 Rxe5 36. Rxe5 fxe5 37. Ke2 Kf7 38. g4 Kf6 39. h4 g5 40. h5 e4 41. Kd2 Ke5 42. Ke3 d4+ 43. Ke2 Kf4 44. Kf2 Kxg4 0-1